[Event "Montevideo Duchamp Cup 7th"]
[Site "Montevideo"]
[Date "2024.02.08"]
[Round "8"]
[White "Chamlian, Aram"]
[Black "Tonelli, Julian"]
[Result "0-1"]
[WhiteElo "1727"]
[BlackElo "1506"]
[PlyCount "72"]
[EventDate "2024.02.01"]
[EventType "swiss"]
[EventRounds "9"]
[EventCountry "URU"]
[SourceTitle "CB07_2024"]
[SourceDate "2024.02.14"]
[SourceVersion "1"]
[SourceVersionDate "2024.02.14"]
[SourceQuality "1"]

1. e4 e5 2. Nf3 Nc6 3. d4 exd4 4. Bc4 Bb4+ 5. c3 dxc3 6. bxc3 Ba5 7. Ba3 Qf6 8. 0-0 Nge7 9. e5 Qh6 10. Bc1 Qh5 11. Bf4 Qg4 12. Qd2 Ng6 13. Bxf7+ Kxf7 14. Qd5+ Ke8 15. Bg5 Qe6 16. Qd2 h6 17. Be3 Kf7 18. Na3 Re8 19. Nd4 Nxd4 20. Bxd4 Ne7 21. f4 Nf5 22. Nc2 Kg8 23. h3 Qc4 24. Ne3 Nxe3 25. Qxe3 d6 26. f5 Bxf5 27. Rxf5 c5 28. Qf3 cxd4 29. Rf1 dxc3 30. Rf7 Qd4+ 31. Kh1 Qxe5 32. Qxb7 c2 33. Qb3 d5 34. Qxc2 Rac8 35. Qg6 Bc7 36. g3 Qe4+ 0-1

[Event "URU-chT Regional"]
[Site "Punta del Este"]
[Date "2020.10.31"]
[Round "1.2"]
[White "Chamlian, Aram"]
[Black "Perez Balles, Gonzalo"]
[Result "0-1"]
[WhiteElo "1710"]
[BlackElo "1906"]
[PlyCount "96"]
[EventDate "2020.10.31"]
[EventType "team-swiss"]
[EventRounds "5"]
[EventCountry "URU"]
[SourceTitle "CBM 199 Extra"]
[Source "ChessBase"]
[SourceDate "2021.01.31"]
[SourceVersion "1"]
[SourceVersionDate "2021.01.31"]
[SourceQuality "1"]
[WhiteTeam "Montevideo CBR"]
[BlackTeam "Florida"]
[WhiteTeamCountry "URU"]
[BlackTeamCountry "URU"]

1. e4 d5 2. exd5 Qxd5 3. d4 c6 4. Nc3 Qa5 5. Nf3 Bg4 6. Bc4 e6 7. 0-0 Nf6 8. Bf4 Nbd7 9. Qd3 Be7 10. Ne2 Bf5 11. Qb3 Qb6 12. Ng3 Qxb3 13. Bxb3 Bg6 14. Rfe1 0-0 15. Ng5 Nd5 16. Nxe6 fxe6 17. Rxe6 Bh4 18. Bd6 Rfe8 19. Rae1 Rxe6 20. Rxe6 Re8 21. Rxe8+ Bxe8 22. Nf5 Bf6 23. Ne3 Bf7 24. c3 Bg5 25. Nxd5 Bxd5 26. c4 Bf7 27. f4 Bf6 28. Be5 Bxe5 29. dxe5 Nb6 30. c5 Nd5 31. Bxd5 Bxd5 32. a3 Kf7 33. Kf2 Ke6 34. g4 Bb3 35. Ke3 Kd5 36. h3 Kxc5 37. f5 Kd5 38. Kf4 c5 39. h4 b5 40. g5 Bd1 41. f6 gxf6 42. exf6 Bh5 43. Kf5 Bg6+ 44. Kg4 Ke5 45. h5 Bf7 46. g6 hxg6 47. h6 Kxf6 48. Kf4 a5 0-1

[Event "URU-ch sf"]
[Site "Montevideo"]
[Date "2019.03.02"]
[Round "2"]
[White "Fabra, Nahiara"]
[Black "Chamlian, Aram"]
[Result "0-1"]
[WhiteElo "1227"]
[BlackElo "1724"]
[PlyCount "90"]
[EventDate "2019.03.01"]
[EventType "swiss"]
[EventRounds "8"]
[EventCountry "URU"]
[SourceTitle "CBM 189 Extra"]
[Source "ChessBase"]
[SourceDate "2019.06.03"]
[SourceVersion "1"]
[SourceVersionDate "2019.06.03"]
[SourceQuality "1"]

1. e4 c5 2. d4 cxd4 3. c3 d5 4. exd5 Qxd5 5. cxd4 Nc6 6. Nf3 Bg4 7. Nc3 Qd7 8. Bc4 e6 9. d5 exd5 10. Bxd5 Nf6 11. 0-0 Be7 12. Re1 Nxd5 13. Nxd5 Rd8 14. Ne3 0-0 15. Qxd7 Bxd7 16. Nd5 Bd6 17. Bg5 f6 18. Bh4 Ne5 19. Nxe5 Bxe5 20. f4 Bxb2 21. Rab1 Bd4+ 22. Ne3 Rfe8 23. Bf2 Bc6 24. Kf1 Re4 25. Rbd1 Rde8 26. Nc4 Bb5 27. Rxd4 Rxe1+ 28. Bxe1 Rc8 29. Kf2 Rxc4 30. Rd8+ Kf7 31. Bd2 Ke7 32. Rb8 Bc6 33. a3 Rc2 34. Ke3 Bxg2 35. Bb4+ Kf7 36. f5 g6 37. fxg6+ hxg6 38. Rf8+ Ke6 39. Kf4 g5+ 40. Kg4 Bc6 41. h4 Rc4+ 42. Kh5 Bf3+ 43. Kg6 Be4+ 44. Kg7 Rc7+ 45. Kh6 Rh7# 0-1

[Event "Montevideo Duchamp Cup 3rd"]
[Site "Montevideo"]
[Date "2019.02.13"]
[Round "6"]
[White "Soto, Nicolas"]
[Black "Chamlian, Aram"]
[Result "1-0"]
[WhiteElo "1982"]
[BlackElo "1739"]
[PlyCount "85"]
[EventDate "2019.02.09"]
[EventType "swiss"]
[EventRounds "9"]
[EventCountry "URU"]
[SourceTitle "CBM 188 Extra"]
[Source "ChessBase"]
[SourceDate "2019.02.26"]
[SourceVersion "1"]
[SourceVersionDate "2019.02.26"]
[SourceQuality "1"]

1. e4 c5 2. Nf3 Nc6 3. Bb5 g6 4. Bxc6 bxc6 5. 0-0 Bg7 6. c3 e5 7. Re1 Ne7 8. Qa4 0-0 9. d3 d6 10. h3 h6 11. Nbd2 Be6 12. d4 cxd4 13. cxd4 exd4 14. Nxd4 Bd7 15. N4f3 d5 16. Qa3 Re8 17. e5 Nf5 18. Nb3 Bf8 19. Nc5 Bxc5 20. Qxc5 Qb6 21. Qxb6 axb6 22. g4 Ne7 23. Bxh6 c5 24. a3 d4 25. Nd2 Nc6 26. f4 Be6 27. Ne4 Na5 28. Nf6+ Kh8 29. Nxe8 Rxe8 30. Rad1 Bb3 31. Rd3 Bc4 32. Rf3 d3 33. f5 Nb3 34. Rf2 gxf5 35. gxf5 Nd4 36. Bd2 Bd5 37. Re3 c4 38. Kh2 Nc2 39. Rg3 Rxe5 40. Bc3 f6 41. Bxe5 fxe5 42. f6 e4 43. Rf4 1-0

[Event "Montevideo Duchamp Cup 3rd"]
[Site "Montevideo"]
[Date "2019.02.09"]
[Round "1"]
[White "Chamlian, Aram"]
[Black "Lujan, Carolina"]
[Result "0-1"]
[WhiteElo "1739"]
[BlackElo "2357"]
[PlyCount "64"]
[EventDate "2019.02.09"]
[EventType "swiss"]
[EventRounds "9"]
[EventCountry "URU"]
[SourceTitle "CBM 188 Extra"]
[Source "ChessBase"]
[SourceDate "2019.02.26"]
[SourceVersion "1"]
[SourceVersionDate "2019.02.26"]
[SourceQuality "1"]

1. e4 c5 2. Nc3 Nc6 3. g3 g6 4. Bg2 Bg7 5. d3 d6 6. f4 e5 7. Nf3 Nge7 8. Be3 Nd4 9. Rb1 0-0 10. 0-0 Bg4 11. Ne2 Rc8 12. c3 Nxf3+ 13. Bxf3 Be6 14. g4 f5 15. h3 Qd7 16. Ng3 fxg4 17. Bxg4 exf4 18. Bxf4 h5 19. Bxe6+ Qxe6 20. Qd2 h4 21. Ne2 Qxh3 22. Bxd6 Qg4+ 23. Kh2 Rcd8 24. Rf4 Qe6 25. Bxe7 Qxe7 26. Rg4 Qe5+ 27. Nf4 g5 28. Rbg1 Rxf4 29. Rxf4 gxf4 30. Kh3 c4 31. d4 Qxe4 32. Kxh4 Qh7+ 0-1

[Event "URU-chT Interclubes Serie B"]
[Site "Montevideo"]
[Date "2016.09.23"]
[Round "1.61"]
[White "Chamlian, Aram"]
[Black "Oviedo, Mathias"]
[Result "1-0"]
[WhiteElo "1744"]
[BlackElo "1525"]
[PlyCount "69"]
[EventDate "2016.09.23"]
[EventType "swiss"]
[EventRounds "5"]
[EventCountry "URU"]
[SourceTitle "EXT 2024"]
[Source "ChessBase"]
[SourceDate "2023.10.10"]
[SourceVersion "1"]
[SourceVersionDate "2023.10.10"]
[SourceQuality "1"]

1. e4 c5 2. Nc3 d6 3. g3 Nd7 4. Bg2 e6 5. d3 Be7 6. f4 Ngf6 7. Nf3 a6 8. 0-0 Qc7 9. h3 0-0 10. Be3 d5 11. Bf2 d4 12. Ne2 b5 13. e5 Nd5 14. Qd2 Bb7 15. g4 f6 16. Nfxd4 cxd4 17. Nxd4 Nxf4 18. Qxf4 fxe5 19. Nxe6 exf4 20. Nxc7 Bxg2 21. Kxg2 Rac8 22. Nd5 f3+ 23. Kg1 Bd6 24. c3 Ne5 25. d4 Nc4 26. b3 Nd2 27. Rfe1 Rfe8 28. Rad1 Ne4 29. Re3 Nxf2 30. Kxf2 Rxe3 31. Kxe3 Rf8 32. Rf1 Re8+ 33. Kxf3 Rf8+ 34. Ke2 Re8+ 35. Kd3 1-0

[Event "American Continental 11th"]
[Site "Montevideo"]
[Date "2015.05.15"]
[Round "1"]
[White "Chamlian, Aram"]
[Black "Contreras, Henry"]
[Result "0-1"]
[WhiteElo "1714"]
[BlackElo "2193"]
[PlyCount "74"]
[EventDate "2015.05.15"]
[EventType "swiss"]
[EventRounds "11"]
[EventCountry "URU"]
[SourceTitle "CBM 167"]
[Source "ChessBase"]
[SourceDate "2015.07.13"]
[SourceVersion "1"]
[SourceVersionDate "2015.07.13"]
[SourceQuality "1"]

1. e4 c5 2. Nc3 a6 3. g3 Nc6 4. Bg2 g6 5. f4 Bg7 6. Nf3 d6 7. d3 Rb8 8. Rb1 e6 9. 0-0 Nge7 10. Be3 Nd4 11. Bf2 Nec6 12. Ne2 0-0 13. c3 Nxe2+ 14. Qxe2 b6 15. d4 cxd4 16. cxd4 Ne7 17. Rfd1 d5 18. e5 Bd7 19. g4 Bb5 20. Qd2 Qd7 21. h4 Rfc8 22. g5 h5 23. gxh6 Bxh6 24. Nh2 Nf5 25. Ng4 Bg7 26. Bf3 Qe7 27. h5 gxh5 28. Ne3 Nxe3 29. Qxe3 Kh7 30. Bxh5 Bh6 31. Kh1 Rc2 32. a4 Bxa4 33. Qd3+ Kh8 34. Bg3 Rg8 35. Rg1 Bxf4 36. b3 Qh4+ 37. Bxh4 Rh2# 0-1

[Event "URU-ch sf"]
[Site "Colonia del Sacramento"]
[Date "2015.02.15"]
[Round "5"]
[White "Chamlian, Aram"]
[Black "Fernandez Rodriguez, Antonio"]
[Result "1/2-1/2"]
[WhiteElo "1711"]
[BlackElo "1923"]
[PlyCount "152"]
[EventDate "2015.02.13"]
[EventType "swiss"]
[EventRounds "9"]
[EventCountry "URU"]
[SourceTitle "EXT 2017"]
[Source "ChessBase"]
[SourceDate "2016.10.25"]
[SourceVersion "1"]
[SourceVersionDate "2016.10.25"]
[SourceQuality "1"]

1. e4 e6 2. d3 d5 3. Nd2 c5 4. Ngf3 Nc6 5. g3 g6 6. Bg2 Bg7 7. 0-0 Nge7 8. Re1 0-0 9. e5 Qc7 10. Qe2 b5 11. h4 Bd7 12. Nf1 Rac8 13. N1h2 Nd4 14. Qd1 Nec6 15. Bf4 Qb6 16. c3 Nxf3+ 17. Qxf3 d4 18. Ng4 Rfd8 19. Bh6 Nxe5 20. Nxe5 Bxh6 21. Qxf7+ Kh8 22. Nxd7 Qc7 23. Ne5 Re8 24. Qxc7 Rxc7 25. Bc6 Rf8 26. Bxb5 dxc3 27. bxc3 Bd2 28. Re2 Bxc3 29. Nd7 Rxd7 30. Bxd7 Bxa1 31. Rxe6 Bd4 32. Re2 Rf3 33. Bb5 h5 34. Kg2 Rf6 35. f4 Rf7 36. Re6 Kg7 37. Bc4 Rb7 38. Kf3 Rc7 39. Bd5 Bf6 40. Be4 c4 41. dxc4 Rxc4 42. Ra6 Rc3+ 43. Kg2 Rc7 44. Kh3 Re7 45. Bd3 Rd7 46. Be2 Re7 47. Bf3 Bd4 48. a4 Re3 49. Rd6 Bf6 50. Bd1 Re7 51. a5 Rc7 52. a6 Be7 53. Re6 Bf6 54. Bb3 Bd4 55. Rd6 Bf6 56. Rd3 Be7 57. g4 hxg4+ 58. Kxg4 Bf6 59. Bd1 Be7 60. Rb3 Bc5 61. Rb7 Bb6 62. Kg5 Rf7 63. Bc2 Bc7 64. Bxg6 Bxf4+ 65. Kh5 Rc7 66. Bb1 Kf6 67. Kg4 Rxb7 68. axb7 Bb8 69. Kh5 Kg7 70. Kg5 a5 71. h5 a4 72. h6+ Kh8 73. Kg6 a3 74. Kf6 Bc7 75. Ke7 a2 76. Bxa2 Kh7 1/2-1/2

[Event "URU-ch sf"]
[Site "Colonia del Sacramento"]
[Date "2015.02.13"]
[Round "1"]
[White "Chamlian, Aram"]
[Black "Genta, Alejandro"]
[Result "0-1"]
[WhiteElo "1711"]
[BlackElo "2085"]
[PlyCount "52"]
[EventDate "2015.02.13"]
[EventType "swiss"]
[EventRounds "9"]
[EventCountry "URU"]
[SourceTitle "EXT 2017"]
[Source "ChessBase"]
[SourceDate "2016.10.25"]
[SourceVersion "1"]
[SourceVersionDate "2016.10.25"]
[SourceQuality "1"]

1. e4 c5 2. Nc3 Nc6 3. g3 g6 4. Bg2 Bg7 5. f4 d6 6. d3 e6 7. Nf3 Nge7 8. 0-0 0-0 9. Be3 Nd4 10. Bf2 Nec6 11. Rb1 Qa5 12. Qd2 Rb8 13. Kh1 b5 14. Ne2 Qxd2 15. Nxd2 Nxe2 16. e5 Nb4 17. exd6 Nxc2 18. Bxc5 Bd4 19. Ne4 Bxc5 20. Nxc5 Rd8 21. Rf2 Ned4 22. Rc1 Ne3 23. d7 Bxd7 24. Bb7 a5 25. Re1 Ng4 26. Rd2 Rxb7 0-1

[Event "URU-ch sf"]
[Site "Montevideo"]
[Date "2014.03.03"]
[Round "6"]
[White "Chamlian, Aram"]
[Black "Pichuaga, Juan Pablo"]
[Result "0-1"]
[WhiteElo "1684"]
[BlackElo "2153"]
[PlyCount "72"]
[EventDate "2014.02.28"]
[EventType "swiss"]
[EventRounds "9"]
[EventCountry "URU"]
[SourceTitle "CBM 159 Extra"]
[Source "ChessBase"]
[SourceDate "2014.04.24"]
[SourceVersion "1"]
[SourceVersionDate "2014.04.24"]
[SourceQuality "1"]

1. e4 e6 2. d3 d5 3. Nd2 c5 4. Ngf3 Nc6 5. g3 g6 6. Bg2 Bg7 7. 0-0 Nge7 8. Re1 0-0 9. e5 b5 10. h4 Qc7 11. Qe2 h5 12. Nf1 b4 13. N1h2 Nf5 14. c3 bxc3 15. bxc3 Qa5 16. Bd2 Qa4 17. Bh3 Nh6 18. Bg5 Ng4 19. Bf4 Nxh2 20. Kxh2 Rb8 21. Qd2 Ba6 22. g4 Rb2 23. Qe3 d4 24. cxd4 cxd4 25. Qe4 hxg4 26. Bxg4 Qc2 27. Nd2 Bxd3 28. Qg2 Nxe5 29. h5 Nxg4+ 30. Qxg4 Bf5 31. Qg2 e5 32. Rac1 Qd3 33. hxg6 Bxg6 34. Bg5 f6 35. Qd5+ Bf7 36. Qd7 fxg5 0-1

[Event "Pan American-ch Amateur"]
[Site "Montevideo"]
[Date "2013.10.27"]
[Round "6"]
[White "Perez, Cecilia Manuela"]
[Black "Chamlian, Aram"]
[Result "1-0"]
[WhiteElo "1484"]
[BlackElo "1725"]
[PlyCount "75"]
[EventDate "2013.10.24"]
[EventType "swiss"]
[EventRounds "9"]
[EventCountry "URU"]
[SourceTitle "EXT 2014"]
[Source "ChessBase"]
[SourceDate "2013.11.20"]
[SourceVersion "1"]
[SourceVersionDate "2013.11.20"]
[SourceQuality "1"]

1. Nf3 d5 2. g3 Nf6 3. Bg2 Nbd7 4. 0-0 e5 5. d3 Bd6 6. Nbd2 0-0 7. Re1 Rb8 8. e4 d4 9. c3 c5 10. cxd4 cxd4 11. Qa4 a6 12. Qc2 Nb6 13. Nc4 Nxc4 14. Qxc4 Bd7 15. Qb3 Bb5 16. Bd2 Qe7 17. Rec1 Nd7 18. Ne1 Nc5 19. Qc2 Rfc8 20. b4 Nxe4 21. Qxc8+ Rxc8 22. Rxc8+ Be8 23. Bxe4 g6 24. Bh6 f5 25. Bd5+ Kh8 26. Bxb7 e4 27. Rac1 e3 28. Rxe8+ Qxe8 29. Rc8 Qxc8 30. Bxc8 Bxb4 31. Nf3 e2 32. Bxa6 g5 33. Bxg5 Kg7 34. a3 Bc3 35. Bc4 Kg6 36. Bf4 Kh5 37. Bf7+ Kg4 38. Kg2 1-0

[Event "Pan American-ch Amateur"]
[Site "Montevideo"]
[Date "2013.10.25"]
[Round "3"]
[White "Pelaez, Diego"]
[Black "Chamlian, Aram"]
[Result "1/2-1/2"]
[WhiteElo "1764"]
[BlackElo "1725"]
[PlyCount "78"]
[EventDate "2013.10.24"]
[EventType "swiss"]
[EventRounds "9"]
[EventCountry "URU"]
[SourceTitle "EXT 2014"]
[Source "ChessBase"]
[SourceDate "2013.11.20"]
[SourceVersion "1"]
[SourceVersionDate "2013.11.20"]
[SourceQuality "1"]

1. d4 d5 2. c4 e6 3. Nc3 Nf6 4. Bg5 Nbd7 5. cxd5 exd5 6. e3 Be7 7. Nf3 0-0 8. Bd3 c6 9. 0-0 Re8 10. Qc2 Nf8 11. Rfe1 Ne4 12. Bxe7 Qxe7 13. Bxe4 dxe4 14. Nd2 f5 15. f3 exf3 16. Nxf3 Kh8 17. Rad1 Be6 18. d5 cxd5 19. Nxd5 Bxd5 20. Rxd5 Qe4 21. Qd2 Rac8 22. Rd3 h6 23. Rd1 Ng6 24. Qf2 Ne5 25. Nxe5 Rxe5 26. Qd2 Rce8 27. Rf1 Qc6 28. Rc1 Qb6 29. Kf2 f4 30. Re1 fxe3+ 31. Rexe3 Rf8+ 32. Ke2 Ref5 33. Kd1 Qc5 34. Rf3 Qg1+ 35. Kc2 Rc8+ 36. Rc3 Rxc3+ 37. bxc3 Rxf3 38. gxf3 Qg6+ 39. Kb2 Qb6+ 1/2-1/2

[Event "URU-chTB"]
[Site "Punta del Este"]
[Date "2013.08.17"]
[Round "2.51"]
[White "Barla, Rafael"]
[Black "Chamlian, Aram"]
[Result "0-1"]
[WhiteElo "1867"]
[BlackElo "1712"]
[PlyCount "60"]
[EventDate "2013.08.16"]
[EventType "team-swiss"]
[EventRounds "5"]
[EventCountry "URU"]
[SourceTitle "EXT 2018"]
[Source "ChessBase"]
[SourceDate "2017.10.13"]
[SourceVersion "1"]
[SourceVersionDate "2017.10.13"]
[SourceQuality "1"]

1. d4 d5 2. e3 Nf6 3. Bd3 c5 4. c3 Nc6 5. f4 e6 6. Nf3 Rb8 7. 0-0 Be7 8. Nbd2 b5 9. Ne5 Qc7 10. Qf3 a5 11. g4 b4 12. g5 Nd7 13. Qh5 g6 14. Nxg6 fxg6 15. Bxg6+ Kd8 16. Nf3 bxc3 17. bxc3 cxd4 18. exd4 Nxd4 19. Nxd4 Nf8 20. Qe2 hxg6 21. c4 Bc5 22. Be3 Ba6 23. Rfd1 Bxc4 24. Qxc4 dxc4 25. Nxe6+ Kc8 26. Nxc5 Qh7 27. Rd2 Qh3 28. Kf2 Rb2 29. Rad1 Rxd2+ 30. Rxd2 Qxh2+ 0-1